Història de la producció del dret català fins al Decret de Nova Planta / Santiago Sobrequés i Vidal ; pròleg de Josep M. Font i Rius
ISBN:
84-600-1283-2
Descripción Física:
VIII, 107 p. ; 21 cm
MARC
| LEADER | 00000nam a2200000Ia 4500 | ||
|---|---|---|---|
| 001 | 18778 | ||
| 008 | 160829s1978 xx 000 0 cat d | ||
| 020 | |a 84-600-1283-2 | ||
| 080 | |a D-3-155 | ||
| 100 | |a Sobrequés i Vidal, Santiago |9 45997 | ||
| 245 | |a Història de la producció del dret català fins al Decret de Nova Planta / Santiago Sobrequés i Vidal ; pròleg de Josep M. Font i Rius | ||
| 260 | |a Girona : |b Col·legi Universitari de Girona, |c 1978 | ||
| 300 | |a VIII, 107 p. ; |c 21 cm | ||
| 590 | |a A la coberta: Universitat Autònoma de Barcelona | ||
| 650 | |a Dret |x Catalunya |x Història |x S. VIII-XVII |9 45998 | ||
| 650 | |a Dret català |x Història |9 45999 | ||
| 700 | |a Font i Rius, Josep M. |9 29873 | ||
| 700 | |a Col·legi Universitari de Girona |9 46001 | ||
| 901 | |a Arxiu | ||
| 942 | |n 1 | ||
| 952 | |0 1 |1 0 |2 udc |4 0 |5 2 |6 D3155 |7 1 |9 52921 |a Arxiu |b Arxiu |d 2016-12-01 |l 0 |o D-3-155 |p 18778 |r 2016-12-01 00:00:00 |w 2016-12-01 |y ARXIU | ||
| 999 | |c 56770 |d 56770 | ||